000 00704nam a22002057a 4500
999 _c168640
_d168640
005 20191018113736.0
010 _aENG-126695
020 _a9789387472877
_c595.00
035 _aEN-110227
037 _bDBAD/PUB
082 _a001.642
100 _aBhatt, Pramod Chandra P.
245 _aAn introduction to operating systems :
_cby Pramod Chandra P. Bhatt
_bconcepts and practice [GNU/ Linux and windows ] /
250 _a5th ed.
260 _aDelhi
_bPHI Learning
_c2019
270 _aRimjhim House,111, Patparganj Industrial Estate
_bDelhi
_e110092
300 _axxi;681p.
_c23cm(pbk)
500 _aIncludes bibliographical references and index
942 _2ddc
_cEN
_h001.642
_mBHA